ბათუმის შოთა რუსთაველის სახელმწიფო უნივერსიტეტის ბიბლიოთეკა

Introduction to Transportation Systems / (ბიბ.ჩანაწერი № 41082)

000 -LEADER
fixed length control field 00692nam a2200229Ia 4500
001 - CONTROL NUMBER
control field 7731
003 - CONTROL NUMBER IDENTIFIER
control field GE_BSU
005 - DATE AND TIME OF LATEST TRANSACTION
control field 20221116112849.0
008 - FIXED-LENGTH DATA ELEMENTS--GENERAL INFORMATION
fixed length control field 181216s2000en xx |||||||||||||| ||eng||
020 ## - INTERNATIONAL STANDARD BOOK NUMBER
International Standard Book Number 1580531415. x
040 ## - CATALOGING SOURCE
Transcribing agency GE_BSU
041 ## - LANGUAGE CODE
Language code of text/sound track or separate title eng
080 ## - UNIVERSAL DECIMAL CLASSIFICATION NUMBER
Universal Decimal Classification number 656.2 S-91
100 ## - MAIN ENTRY--PERSONAL NAME
Personal name Sussman,Joseph.
9 (RLIN) 14715
245 ## - TITLE STATEMENT
Title Introduction to Transportation Systems /
Statement of responsibility, etc. Joseph Sussman.
264 ## - PRODUCTION, PUBLICATION, DISTRIBUTION, MANUFACTURE, AND COPYRIGHT NOTICE
Place of production, publication, distribution, manufacture Boston-London :
Name of producer, publisher, distributor, manufacturer Artech House,
Date of production, publication, distribution, manufacture, or copyright notice 2000.
300 ## - PHYSICAL DESCRIPTION
Extent 471p;
Other physical details 26 cm.
653 ## - INDEX TERM--UNCONTROLLED
keyword Introduction to Transportation Systems.
653 ## - INDEX TERM--UNCONTROLLED
keyword Transportation.
653 ## - INDEX TERM--UNCONTROLLED
keyword სატრანსპორტო სისტემების შესავალი
942 ## - ADDED ENTRY ELEMENTS (KOHA)
Koha item type წიგნი
Source of classification or shelving scheme
ეგზემპლარები
Withdrawn status Lost status Source of classification or shelving scheme Damaged status Not for loan Permanent Location Current Location Shelving location Date acquired Cost, normal purchase price Full call number Barcode Date last seen Copy number Price effective from Koha item type Public note
          ბათუმის შოთა რუსთაველის სახელმწიფო უნივერსიტეტის მთავარი ბიბლიოთეკა ტექნოლოგიური ფაკულტეტის ბიბლიოთეკა წიგნსაცავი 2018-12-17 246.00 656.2 S-91 24112 2018-12-17 24112 2018-12-17 წიგნი 246 gel.